[Event "Champions Showdown Kings Blitz 2019-D"]
[Site "Saint Louis"]
[Date "2019.02.24"]
[Round "18"]
[White "Dominguez Perez, Leinier"]
[Black "Topalov, Veselin"]
[Result "1/2-1/2"]
[WhiteElo "2739"]
[BlackElo "2740"]
[Annotator "TA"]
[PlyCount "202"]
[EventDate "2019.02.09"]
[EventType "match"]
[EventCountry "USA"]
[SourceTitle "playchess.com"]
[Source "ChessBase"]
[SourceQuality "1"]

{[%evp 12,202,10,8,16,10,22,16,31,0,8,1,0,0,0,-20,0,0,12,-18,22,-24,-8,-52,0,-2,6,17,0,-24,-3,-25,-25,-26,-11,-3,-11,-9,0,-78,-37,-233,-179,-150,20,0,0,0,0,0,0,0,4,0,7,3,6,0,3,0,4,0,2,3,3,0,3,3,3,3,3,0,0,0,0,0,0,0,1,0,4,0,4,4,4,4,5,8,6,0,12,4,4,4,12,4,13,4,15,0,15,0,15,0,0,-53,0,0,0,0,0,0,0,0,0,0,0,0,0,0,88,88,85,81,81,81,79,87,203,203,203,203,203,203,203,203,203,203,203,203,203,203,203,203,203,203,203,203,203,203,203,203,203,203,203,44,44,44,44,44,44,44,44,44,44,0,44,44,44,44,44,44,44,44,44,44,44,44,44,44,44,0,44,0,44,0,44,0,44,0,52,59,59]} 1. e4 e5 2. Nf3 Nc6 3. Bb5 Nf6 4. d3 Bc5 5. Nbd2 d6 6. c3 O-O 7. O-O a6 {C65: Ruy Lopez: Berlin Defence (3...Nf6), unusual lines and 4 0-0 Bc5} 8. Ba4 Ba7 9. h3 Ne7 {The position is equal.} 10. d4 Ng6 11. Re1 c5 {[%cal Rc5d4]} 12. dxe5 $146 ({Predecessor:} 12. d5 c4 13. Bc2 b5 14. Nf1 Bd7 15. Be3 {0-1 (67) Balogh,C (2657)-So,W (2760) Baku 2015}) 12... dxe5 13. Bc2 b5 14. Nf1 h6 15. Qe2 Bb7 16. g3 Qc7 17. Kh2 Rad8 18. a4 Bc6 19. axb5 axb5 20. b3 Bb6 21. Bb2 Qb7 $36 {[%mdl 2048] Black has the initiative.} 22. N3d2 Rd7 23. Red1 Rfd8 24. f3 Nh5 25. Ne3 (25. c4 $11 {keeps the balance.} Bc7 26. Ne3) 25... c4 (25... Nxg3 $5 26. Kxg3 Nf4 $11) 26. Ndf1 $2 ({Of course not} 26. bxc4 Nxg3 27. Kxg3 Nf4 $19) (26. Ng2 $1 $15) 26... cxb3 27. Bxb3 {[#]} Nf6 $2 (27... Nxg3 $1 $17 {[%mdl 512]} 28. Kxg3 (28. Nxg3 $2 Nf4 $19) 28... Nf4) 28. Nf5 Bc5 29. N1e3 Qb6 30. Ng4 Nxg4+ 31. hxg4 Ne7 32. Rxd7 Rxd7 33. Rd1 Qd8 34. Kh3 Kf8 35. Bc1 (35. Rxd7 {is interesting.} Qxd7 36. Kg2 Nxf5 37. gxf5 Qd6 38. Bc1) 35... Nxf5 36. gxf5 Rxd1 37. Bxd1 Qd6 38. Bb3 Ba3 39. Be3 Bc5 40. Qd1 Ke7 41. Bd2 Bd7 42. Kg2 Bc6 43. Qc2 f6 44. Be1 Kd8 45. Kf1 Kc7 46. Ke2 Kb6 47. Be6 Kc7 48. Qa2 Kb6 49. Bd2 Kc7 50. Bg8 Kb6 51. Qf7 Qe7 52. Qb3 Qd6 53. Bf7 Qe7 54. Be6 Qd6 55. Qa2 Kc7 56. Bf7 Kb7 57. Bd5 Bxd5 58. exd5 (58. Qxd5+ $11 Qxd5 59. exd5) 58... e4 (58... Bb6 $1 $15) 59. Bf4 exf3+ 60. Kxf3 Qd7 61. g4 h5 62. Qd2 $1 hxg4+ 63. Kxg4 g6 64. Qd3 Kb6 65. Qe4 (65. Bg3 {keeps more tension.} Ka5 66. Bh4 Be7 67. Qe4 gxf5+ 68. Qxf5 Qc7 69. Qe6) 65... b4 (65... Ka5 $11 {remains equal.}) 66. cxb4 $16 gxf5+ 67. Qxf5 Qxf5+ 68. Kxf5 Bxb4 69. Kxf6 {[%mdl 4096] Endgame KB-KB} Kb5 (69... Bf8 $16 70. d6 Bxd6) 70. Ke6 $18 Kc4 {[#]} 71. Bd6 $1 {[%cal Rd6b4] Bxb4 would kill now.} Be1 72. Ba3 {Strongly threatening Be7.} Bg3 73. Bb2 Kc5 74. Be5 Bh4 75. d6 {Threatens to win with d7.} Kc6 76. d7 {And now Bb8 would win.} Bd8 77. Bd6 Ba5 78. Ke7 Bb6 79. Ba3 Kd5 80. Bc1 Ba5 81. Bf4 Bb6 82. Bg5 Ba5 {[#]} 83. Ke8 $2 (83. Bd2 $1 $18 {[%mdl 512]} Bb6 (83... Bxd2 84. d8=Q+) 84. Bg5) 83... Ke6 $1 $14 84. Bd8 Be1 85. Bc7 Bh4 86. Bb6 Bg5 87. Bc5 Bh4 88. Bb6 Bg5 89. Bd8 Bd2 90. Bh4 Ba5 91. Bf2 {Black must now prevent Be1!} Bc7 92. Bc5 {Be7 is the strong threat.} Ba5 93. Ba7 Bc7 {[#]} 94. Bb8 $1 {[%mdl 512]} Ba5 (94... Bxb8 95. d8=Q) 95. Bf4 {Hoping for Bd2!} Bb6 96. Bg5 Ba5 97. Bd8 Be1 98. Bc7 Bh4 99. Bb6 Bg5 100. Bc5 Bh4 101. Be3 {aiming for Bf4.} Bf6 {Accuracy: White = 50%, Black = 57%.} 1/2-1/2

[Event "Champions Showdown Kings Blitz 2019-D"]
[Site "Saint Louis"]
[Date "2019.02.22"]
[Round "19"]
[White "Topalov, Veselin"]
[Black "Dominguez Perez, Leinier"]
[Result "0-1"]
[WhiteElo "2740"]
[BlackElo "2739"]
[Annotator "TA"]
[PlyCount "216"]
[EventDate "2019.02.09"]
[EventType "match"]
[EventCountry "USA"]
[SourceTitle "playchess.com"]
[Source "ChessBase"]
[SourceQuality "1"]

{[%evp 9,215,32,50,47,65,65,59,66,76,61,52,54,75,69,68,48,69,31,40,17,12,0,0,0,0,-12,-15,-14,0,-16,0,-24,-8,-17,-8,-72,-35,-33,-35,-33,-31,-24,-31,-22,-22,-47,-7,-93,-95,-91,-31,-41,-13,-8,-7,-8,79,64,64,0,0,0,0,0,0,0,0,0,0,0,0,0,0,0,0,0,0,0,0,0,0,0,0,0,0,0,0,0,0,0,0,-16,0,0,0,0,0,0,0,0,0,0,0,0,0,0,0,0,0,0,0,0,93,0,0,0,0,0,0,0,8,0,0,0,0,0,0,0,0,0,0,0,0,0,0,0,0,0,0,0,0,0,0,0,0,0,0,0,0,0,0,0,0,0,0,0,0,0,0,-77,-77,-77,-77,-89,0,-183,0,-659,0,-164,0,-677,-164,-644,-656,-613,-584,-29979,-210,-29966,-29967,-29968,-29968,-29967,-29969,-29966,-29970,-29970,-29971,-29971,0,0,0,0,0,0,0,0,0,0,0,0,0,0,0,-29970,-29970,-29999]} 1. e4 d6 2. d4 Nf6 3. f3 g6 4. Nc3 Bg7 5. Be3 a6 6. Qd2 {B07: Pirc Defence: Miscellaneous Systems} h6 (6... b5 7. Bh6 Bxh6 8. Qxh6 e5 9. O-O-O exd4 10. Rxd4 Be6 11. Nge2 Nbd7 12. Rd2 Ne5 13. Nd5 Bxd5 14. exd5 {½-½ (60) Zhigalko,S (2669)-Tarlev,K (2596) Calimanesti Caciulata 2016}) 7. Bd3 Nbd7 8. Nge2 {White is slightly better.} b5 $146 ({Predecessor:} 8... c5 9. O-O-O Qa5 10. g4 b5 11. e5 cxd4 12. Nxd4 Nxe5 13. g5 hxg5 14. Bxg5 b4 15. Nb1 Nxd3+ 16. Qxd3 Qxg5+ {0-1 (16) Dequenne,S (1615)-Klein,J (2040) Dudelange 1997}) 9. a4 b4 10. Nd1 a5 11. c3 bxc3 12. bxc3 Ba6 13. Nf2 Qc8 $1 14. O-O Nb6 15. Rfe1 Nc4 16. Bxc4 Bxc4 17. d5 c5 18. dxc6 Qxc6 19. Nd4 Qc8 20. Nb5 h5 21. Bd4 O-O 22. Nd1 (22. Nd3 $11) 22... Rb8 23. Ne3 Bxb5 24. axb5 Rxb5 {Threatens to win with ...e5.} 25. c4 Rb3 26. Rxa5 Bh6 27. Qc2 Qb7 {With the idea ...Qb4.} 28. Nd5 (28. Nf1 $11 {keeps the balance.}) 28... Nxd5 $17 29. exd5 Qb4 (29... Rc8 $1 $17) 30. Rea1 Be3+ 31. Bxe3 Rxe3 32. Rb5 $1 $132 {[%cal Rb5b4][%mdl 2048] White has counterplay} Re1+ (32... Qc3 $1 $11 33. Qxc3 Rxc3) 33. Kf2 $16 Qxb5 $1 34. Rxe1 $14 {[%mdl 4096] Endgame KQR-KQR} ({White should play} 34. cxb5 $14 Rxa1 35. b6) 34... Qc5+ $11 35. Kg3 Re8 36. Re4 Qa3 37. Qe2 Kf8 38. h4 Qc3 39. Kh3 Qf6 40. Qe3 Ra8 41. Qh6+ Ke8 42. Qd2 Ra1 43. Kg3 Rb1 44. Qa2 Ra1 45. Qe2 Kf8 46. Qd2 Rh1 47. Qh6+ Ke8 48. Qd2 Rb1 49. Qa2 Ra1 50. Qe2 Ra8 51. Qe3 Kf8 52. Qh6+ Ke8 53. Qe3 Rc8 54. Qa7 Kf8 55. Qe3 Rc5 56. Qh6+ Kg8 57. Qe3 Rc7 58. Qb6 Rc8 59. Qb7 Re8 60. Qb6 Qc3 {[#]} (60... Rc8 $11 {remains equal.}) 61. Qc7 (61. Rxe7 $1 $16 {[%mdl 512]} Rxe7 62. Qd8+ {[%mdl 64] Double Attack} Kg7 63. Qxe7) 61... Kf8 62. Qb6 Rc8 63. Qb7 Re8 64. Qb6 Qa1 65. Qe3 Qf6 66. Qh6+ Qg7 67. Qe3 Qf6 68. Qh6+ Kg8 69. Qe3 Kg7 70. Qe2 Kf8 71. Qe3 Rc8 72. Qh6+ Ke8 73. Qe3 Rc7 74. Qb6 Rc5 75. Qb8+ Kd7 76. Qb7+ Kd8 77. Qb8+ Rc8 78. Qb6+ Ke8 79. Qb5+ Kf8 80. Qb7 Re8 81. Qb6 Ra8 82. Qe3 Ra2 83. Qh6+ Kg8 84. Qe3 (84. Qc1 $11) 84... Qb2 $17 85. Qg1 Kf8 86. Kh3 Qd2 (86... f6 $17) 87. Qf1 $2 (87. Rd4 $1 $11 Qc3 88. Re4) 87... Rc2 $2 (87... f5 $19 88. Re1 Rc2) 88. Kg3 $2 {[%mdl 8192]} (88. Rd4 $11 Qxd4 89. Qe1) 88... Rb2 $2 (88... f5 $19 89. Re1 g5 90. hxg5 Qxg5+ 91. Kh2 h4) 89. Kh3 $2 (89. Qg1 $11 {and White has nothing to worry.}) 89... Rc2 $2 (89... f5 $19 90. Re1 Rc2) 90. Kg3 $2 {[%mdl 8192]} (90. Qd1 $11) 90... g5 $2 (90... f5 91. Rf4 Qe3) 91. hxg5 $2 (91. Qg1) 91... Qxg5+ $19 92. Kh2 f5 93. Rd4 {[#]} Kf7 $2 (93... h4 $1 94. Rg4 fxg4 95. fxg4+ Kg7 96. Qf5 Qxf5 97. gxf5 Rc3 98. Kh1 Rxc4 99. Kh2 Rc3 100. Kg1 Kf6 101. Kf2 Rc2+ 102. Kf3 Kxf5 103. g4+ Ke5 104. Ke3 h3 105. Kd3 Rc8 106. Ke3 h2 107. Ke2 h1=Q 108. Kd2 Qxd5+ 109. Ke1 Rc2 110. g5 Qh1#) 94. Kh3 $2 (94. f4 $19 Qg4 95. Kg1) 94... f4 {[%csl Gf4][%cal Rg5g3]} 95. Kh2 Qg3+ 96. Kh1 h4 97. Re4 h3 98. Re2 hxg2+ 99. Rxg2 Qh4+ $2 (99... Qxg2+ {mates} 100. Qxg2 Rxg2 101. Kxg2 Kf6 102. Kh3 Ke5 103. Kg4 Kd4 104. Kxf4 Kxc4 105. Ke4 Kc5 106. f4 Kc4 107. f5 Kc5 108. Kf3 Kxd5 109. Kf4 Kd4 110. Kf3 Kd3 111. Kf4 d5 112. Kg3 Ke3 113. Kg4 d4 114. Kg5 d3 115. Kg6 Ke4 116. Kf7 Kxf5 117. Ke8 Ke6 118. Kd8 d2 119. Kc7 d1=Q 120. Kc6 Qd6+ 121. Kb5 Kd5 122. Ka4 Kc4 123. Ka5 e5 124. Ka4 Qb4#) 100. Kg1 $11 Rxg2+ 101. Qxg2 {KQ-KQ} Qe1+ 102. Kh2 Kf6 103. Qg4 Qf2+ 104. Kh1 {And now Qe6+ would win.} Qf1+ 105. Kh2 {Hoping for Qe6+.} Qe2+ 106. Kh3 Qe5 107. Kh4 $2 {[%mdl 8192] [#]} (107. Kg2 $11) 107... Qe1+ $1 108. Kh3 Qh1# {Accuracy: White = 60%, Black = 56%.} 0-1

[Event "Champions Showdown Kings Blitz 2019-D"]
[Site "Saint Louis"]
[Date "2019.02.22"]
[Round "20"]
[White "Dominguez Perez, Leinier"]
[Black "Topalov, Veselin"]
[Result "0-1"]
[WhiteElo "2739"]
[BlackElo "2740"]
[Annotator "TA"]
[PlyCount "86"]
[EventDate "2019.02.09"]
[EventType "match"]
[EventCountry "USA"]
[SourceTitle "playchess.com"]
[Source "ChessBase"]
[SourceQuality "1"]

{[%evp 12,86,18,6,8,7,12,12,14,21,28,-19,-17,-20,-33,-8,-12,-77,7,-83,-85,-93,-86,-108,-123,-85,-39,-365,-364,-373,-380,-373,-366,-340,-343,-618,-369,-479,-442,-1455,-1424,-6487,-6299,-1910,-363,-361,-364,-347,-323,-316,-275,-289,-260,-318,-306,-317,-313,-537,-530,-591,-617,-604,-605,-566,-559,-582,-572,-633,-616,-908,-828,-858,-856,-1390,-1351,-1455,-1421]} 1. e4 e5 2. Nf3 Nc6 3. Bb5 Nf6 4. d3 Bc5 5. O-O d6 6. c3 O-O 7. Nbd2 a6 {C65: Ruy Lopez: Berlin Defence (3...Nf6), unusual lines and 4 0-0 Bc5} 8. Ba4 (8. Bxc6 bxc6 9. d4 exd4 10. cxd4 Bb6 11. Qc2 Re8 12. Re1 c5 13. d5 Bg4 14. b3 Ba5 15. Re3 {½-½ (37) Vitiugov,N (2730)-Jakovenko,D (2748) Satka 2018}) 8... Ne7 9. d4 exd4 {The position is equal.} 10. cxd4 Ba7 11. Re1 $146 ({Predecessor:} 11. h3 Ng6 12. Re1 b5 13. Bc2 Bb7 14. Nf1 d5 15. e5 Ne4 {½-½ (49) Dionisi,T (2377)-Touzane,O (2325) Saint-Quentin 2014}) 11... Bg4 12. h3 Bh5 $1 13. Bc2 Nc6 ({Reject} 13... Bxd4 $6 14. g4 $16) 14. g4 {[#]} (14. Nb3 $11 {keeps the balance.}) 14... Bg6 ({Black should play} 14... Nxg4 $1 $17 {[%mdl 512] And now ...Nf6 would win.} 15. hxg4 Bxg4) 15. Nf1 {[#]} (15. d5 $11 Nb4 16. Bb1) 15... d5 $1 $17 {[%cal Rd5e4]} 16. e5 Bxc2 17. Qxc2 Ne4 $36 {[%mdl 2048] Black is really pushing.} 18. Be3 f6 {aiming for ...fxe5.} (18... f5 {seems wilder.} 19. gxf5 Rxf5 20. Qe2 Rf7 21. Ng3 h6) 19. Rad1 $2 {[%mdl 8192]} ({Better is} 19. N1d2 $1 $15) 19... fxe5 $19 20. Nxe5 Nxe5 21. dxe5 {Black must now prevent Bxa7.} Nxf2 $1 22. Bxa7 Rxa7 23. Qc5 $2 (23. Qxf2 Rxf2 24. Kxf2) 23... Nxd1 24. Qxa7 Nf2 25. Qe3 (25. Qxf2 $142 Rxf2 26. Kxf2) 25... Qh4 26. Qg3 Nxh3+ 27. Kh2 Qxg3+ $2 (27... Rf2+ 28. Qxf2 Qxf2+ 29. Kxh3 Qxe1) 28. Kxg3 {[%mdl 4096] Endgame KRN-KRN} Ng5 29. Nd2 Re8 30. b4 {[#]} Ne4+ $1 31. Nxe4 {Threatens to win with Nc5.} Rxe5 {[%mdl 64] Pin} ({Weaker is} 31... dxe4 32. Kf4 $17) 32. Rc1 Rxe4 33. Rxc7 Rxb4 {KR-KR} 34. g5 $2 (34. Rc5) 34... b5 {Black is clearly winning.} 35. Rd7 Ra4 36. Rxd5 Kf7 37. Rd6 Rxa2 38. Kf4 Ra4+ 39. Kf5 Ke7 40. Rb6 Kd7 41. Rb7+ Kc6 42. Rxg7 Rh4 43. Rf7 b4 {Accuracy: White = 24%, Black = 73%.} 0-1

[Event "Champions Showdown Kings Blitz 2019-D"]
[Site "Saint Louis"]
[Date "2019.02.22"]
[Round "21"]
[White "Topalov, Veselin"]
[Black "Dominguez Perez, Leinier"]
[Result "0-1"]
[WhiteElo "2740"]
[BlackElo "2739"]
[Annotator "TA"]
[PlyCount "148"]
[EventDate "2019.02.09"]
[EventType "match"]
[EventCountry "USA"]
[SourceTitle "playchess.com"]
[Source "ChessBase"]
[SourceQuality "1"]

{[%evp 16,148,32,25,53,10,13,14,15,15,16,18,14,20,32,14,12,6,11,17,60,50,52,43,46,53,108,37,163,47,70,15,26,43,25,0,23,0,0,7,32,32,22,0,0,0,0,0,0,0,0,0,29,34,37,45,143,127,120,44,46,33,55,52,98,133,136,113,262,64,64,77,116,128,163,49,35,0,0,-8,-8,-8,-8,-11,-22,-18,0,0,0,0,0,0,0,0,0,-150,-6,-46,0,-350,-345,-634,-23,-14,0,-69,-66,-160,-182,-187,-62,-60,0,0,0,-64,-69,-106,-106,-106,-106,-104,-97,-506,-487,-926,-927,-737,-715,-463,-357,-29985,-12840,-4610,-4597]} 1. Nf3 g6 2. d4 Nf6 3. g3 Bg7 4. Bg2 c5 5. O-O cxd4 6. Nxd4 O-O 7. c4 Nc6 8. Nc3 Qa5 9. e3 d6 {A39: Symmetrical English vs ...g6: 4 Bg2 Bg7 5 Nf3 Nf6 6 0-0 0-0 7 d4} 10. Nxc6 (10. Bd2 {seems wilder.} Qc7 11. b3 Bg4 12. Nde2 Qd7 13. e4) (10. h3 Bd7 11. Qe2 Rfc8 12. Rd1 a6 13. Bd2 Qd8 14. Rac1 Rab8 15. Nxc6 Bxc6 16. e4 Nd7 17. Bg5 h6 18. Be3 {½-½ (41) Ding,L (2778)-Bacrot,E (2718) Liaocheng 2018}) 10... bxc6 11. Bd2 Qc7 {The position is equal.} 12. Rc1 {[%cal Ba1c1,Bc1c2,Bc2d2][%mdl 32]} a5 $146 ({Predecessor:} 12... Rb8 13. b3 Bg4 14. f3 Be6 15. Kh1 Nd7 16. e4 Nc5 17. Be3 {0-1 (42) Ammann,W (2231)-Pikula,D (2480) Biel 1999}) 13. b3 Nd7 14. e4 Ne5 15. Rc2 Nd3 16. Qe2 Nc5 17. Be3 Be6 18. f4 Na6 19. Rfc1 Nb4 20. Rd2 Bd7 (20... Rab8 $1 $14) 21. h3 (21. c5 $16) 21... Rab8 (21... Bxc3 $14 22. Rxc3 c5) 22. Kh2 (22. c5 $1 $18) 22... c5 {[#]} 23. a3 (23. e5 $1 $14 {[%mdl 512]}) 23... Bxc3 $11 24. Rxc3 Nc6 25. Qd1 Be6 26. g4 f6 27. a4 Bf7 28. h4 Rb6 29. g5 fxg5 30. hxg5 Be6 31. Rcd3 Nd4 32. Rxd4 cxd4 33. Rxd4 Qb8 34. Rd3 Rb4 35. Bd2 Qb6 (35... Rb7 $14) 36. Bxb4 Qxb4 37. Qf3 (37. Kg3 $16) 37... Qe1 $14 38. Qg3 $1 {[%cal Rg3e1]} Qc1 39. Re3 Qd2 40. e5 Bf5 41. exd6 Qxd6 (41... exd6 $16 42. Qe1 Qxe1 43. Bd5+ (43. Rxe1 Rb8 $16) 43... Kh8 44. Rxe1 h5) 42. Bd5+ $2 (42. Re5 $18) 42... e6 43. Bg2 Qd2 44. Qe1 Qb2 45. Qc3 (45. Rf3 $18) 45... Qf2 46. Qe5 Rd8 47. Re2 Qh4+ 48. Kg1 Rd1+ 49. Bf1 Qg3+ {[%mdl 64] Double Attack} 50. Rg2 Qf3 $40 {[%mdl 128] Black mounts an attack.} 51. Qb8+ Kf7 52. Qa7+ Kf8 53. Qc5+ Ke8 54. Qc8+ Rd8 55. Qc5 {[#]} (55. Qc7 $11) 55... Qxf4 (55... Be4 $1 $17 {Black wants to play ...Bc6.} 56. Qe5 Rd1 57. Qxe6+ Kd8 58. Qg8+ Kc7 59. Qg7+ Kc6 60. Qf6+ Kb7 61. Qf7+ Ka6 62. Qe6+ Bc6) 56. Qf2 Qc1 57. c5 $2 {[%mdl 8192]} (57. Qg3 $11 {and White stays safe.}) 57... Rd1 $19 {...Bd3 is the strong threat.} 58. Rg3 $2 (58. Qe2 Qxc5+ 59. Rf2) 58... Rd2 $2 (58... Bd3 $19 {[%cal Rd1f1]} 59. Rxd3 Rxd3) 59. Qe3 $1 $11 Rc2 60. Qxc1 (60. Qd4 $11) 60... Rxc1 {[%mdl 4096] Endgame KRB-KRB} 61. b4 ({Better is} 61. Kf2 $15) 61... axb4 $17 {White must now prevent ...Bc2.} 62. Rb3 {[#]} Rxc5 (62... Bc2 $1 $19 {[%cal Rc2b3]} 63. Rxb4 Bd3 64. Rb8+ Ke7 65. Rb7+ Kd8 66. Rb8+ Kc7) 63. Rxb4 $15 Rc1 ({Black should try} 63... Bc2 $15 64. Bb5+ Kd8) 64. Kf2 $11 Ra1 65. Rb8+ (65. Rb7 $11) 65... Ke7 $15 66. Rb7+ Kd6 67. Bb5 Ke5 68. Rxh7 Kf4 69. Re7 $2 {[%mdl 8192]} (69. Rh4+ $17 {is tougher.} Kxg5 70. Rb4) 69... Ra2+ $19 70. Ke1 (70. Kf1 $142 e5 71. Re8) 70... Ke3 {[%cal Ra2a1]} 71. Kf1 Be4 {[%cal Ra2a1]} 72. Kg1 Ra1+ 73. Kh2 $2 (73. Bf1 $19 Bf5 74. a5) 73... Kf2 (73... Rh1+ $142 74. Kg3 Rg1+ 75. Kh3 e5 76. Rf7 Bf3 77. Rd7 e4 78. Rd8 Rxg5 79. Rd6 Rg1 80. Bd7 g5 81. a5 g4+ 82. Bxg4 Rxg4 83. Rb6 Rg5 84. Kh4 Rxa5 85. Kg3 Rg5+ 86. Kh4 Kf4 87. Rf6+ Rf5 88. Rxf5+ Kxf5 89. Kg3 Kg5 90. Kf2 Kf4 91. Kf1 e3 92. Ke1 Kg4 93. Kf1 Kg3 94. Ke1 e2 95. Kd2 Kf2 96. Kc3 e1=Q+ 97. Kc4 Qa5 98. Kb3 Bd5+ 99. Kb2 Qd2+ 100. Kb1 Bb3 101. Ka1 Qc1#) 74. Rf7+ Bf3 {Accuracy: White = 34%, Black = 41%.} 0-1

[Event "Champions Showdown Kings Blitz 2019-D"]
[Site "Saint Louis"]
[Date "2019.02.24"]
[Round "22"]
[White "Dominguez Perez, Leinier"]
[Black "Topalov, Veselin"]
[Result "1/2-1/2"]
[WhiteElo "2739"]
[BlackElo "2740"]
[Annotator "TA"]
[PlyCount "99"]
[EventDate "2019.02.09"]
[EventType "match"]
[EventCountry "USA"]
[SourceTitle "playchess.com"]
[Source "ChessBase"]
[SourceQuality "1"]

{[%evp 14,99,16,11,26,26,23,6,38,-12,-10,-7,-8,-8,-18,-69,-4,-24,-8,-29,0,-66,-66,-81,32,35,25,26,19,-30,123,104,192,184,210,206,237,228,250,237,241,193,204,204,200,200,183,139,137,82,81,58,179,167,180,174,170,0,43,-144,-148,-147,-134,-141,-150,-145,-127,-597,-589,-670,-669,-647,-650,-708,-685,-800,-781,-2815,-2426,-29999,-199,-226,-214,-183,0,-167,0,-175]} 1. e4 e5 2. Nf3 Nc6 3. Bb5 Nf6 4. d3 Bc5 5. Nbd2 d6 6. c3 O-O 7. O-O a6 {C65: Ruy Lopez: Berlin Defence (3...Nf6), unusual lines and 4 0-0 Bc5} 8. Ba4 {LiveBook: 101 Games} (8. Bxc6 bxc6 9. d4 exd4 10. cxd4 Bb6 11. Qc2 Re8 12. Re1 c5 13. d5 Bg4 14. b3 Ba5 15. Re3 {½-½ (37) Vitiugov,N (2730)-Jakovenko,D (2748) Satka 2018}) 8... Ne7 9. d4 exd4 {White has an edge.} 10. cxd4 Ba7 11. Re1 $146 ({Predecessor:} 11. h3 Ng6 12. Re1 b5 13. Bc2 Bb7 14. Nf1 d5 15. e5 Ne4 {½-½ (49) Dionisi,T (2377)-Touzane,O (2325) Saint-Quentin 2014}) 11... Bg4 12. h3 Bh5 $1 13. Bc2 Nc6 ({Don't play} 13... Bxd4 $6 14. g4 $16) 14. g4 ({White should try} 14. e5 $11 dxe5 15. dxe5) 14... Bg6 (14... Nxg4 $1 $15 15. hxg4 Bxg4) 15. d5 $11 Nb8 16. b3 c6 17. Bb2 (17. Ba3 $11) 17... cxd5 $15 18. exd5 Bxc2 (18... Nxd5 $17 {White must now prevent ...Nf4.} 19. Nc4 Nf4) 19. Qxc2 $14 Nbd7 20. Qf5 Rc8 21. Nc4 Rc5 $2 (21... b5 $1 $11 22. Ne3 (22. Nxd6 Bxf2+ 23. Kf1 Bxe1 $15) 22... Bxe3 23. Rxe3 Rc5) 22. Rad1 $16 Bb8 (22... Rc8 $16) 23. Ba3 b5 24. Bxc5 Nxc5 25. Ncd2 g6 26. Qg5 Bc7 27. Re3 Bb6 28. Nd4 Ncd7 29. N2f3 Qa8 30. Re7 Bd8 31. Ree1 (31. Nc6 $142) 31... Nxd5 32. Qh6 Bf6 (32... Nc3 $14) 33. Ng5 $18 Bxg5 34. Qxg5 Ne5 {[#]} 35. Qh4 $2 (35. Qd2 $1 $18) 35... Rc8 36. Rc1 $2 (36. g5 $14) 36... Rxc1 $40 {[%mdl 128] Black is out for blood.} 37. Rxc1 Nf4 {[%csl Gf4][%cal Ra8g2]} 38. Qg3 Qe4 39. Rd1 Ned3 40. Kh2 $2 {[%mdl 8192]} (40. Rxd3 $17 {was the crucial defense.} Nxd3 41. Qe3 Qxe3 42. fxe3) 40... Qxd4 $19 41. Qe3 Qd5 {[%csl Gf4][%cal Rd5g2] [#]} 42. f3 Kg7 43. Kg3 g5 44. Rd2 Qc5 45. Rxd3 Nxd3 46. Qxd3 Qe5+ $2 (46... Qg1# {mates}) 47. Kg2 Qb2+ 48. Kg3 Qe5+ (48... Qxa2 49. Qd4+ f6 50. Qa7+ Kg6 51. Qe3 $11) 49. Kg2 Qb2+ 50. Kg3 {Precision: White = 41%, Black = 38%.} 1/2-1/2